[Event "Africa-ch (Women)"]
[Site "Cairo"]
[Date "2015.05.06"]
[Round "5"]
[White "Francis, Onkemetse"]
[Black "Matoussi, Amani"]
[Result "1-0"]
[WhiteElo "1759"]
[BlackElo "1610"]
[PlyCount "41"]
[EventDate "2015.05.02"]
[EventType "team-swiss"]
[EventRounds "9"]
[EventCountry "EGY"]
[SourceTitle "CBM 166 Extra"]
[Source "ChessBase"]
[SourceDate "2015.06.18"]
[SourceVersion "1"]
[SourceVersionDate "2015.06.18"]
[SourceQuality "1"]

1. e4 e5 2. Nf3 Nf6 3. Nxe5 d6 4. Nf3 Nxe4 5. Nc3 Nxc3 6. dxc3 d5 7. Bf4 Bg4 8. Be2 Be7 9. Qd2 0-0 10. 0-0 c6 11. Nd4 Bxe2 12. Qxe2 Bd6 13. Qg4 Bxf4 14. Qxf4 Nd7 15. Rfe1 Re8 16. Qg3 Nc5 17. Rxe8+ Qxe8 18. Nf5 g6 19. Nh6+ Kh8 20. Qf4 f5 21. Qd4+ 1-0

[Event "Africa-ch (Women)"]
[Site "Cairo"]
[Date "2015.05.04"]
[Round "4"]
[White "Elgohary, Myada"]
[Black "Matoussi, Amani"]
[Result "1-0"]
[WhiteElo "1708"]
[BlackElo "1610"]
[PlyCount "33"]
[EventDate "2015.05.02"]
[EventType "team-swiss"]
[EventRounds "9"]
[EventCountry "EGY"]
[SourceTitle "CBM 166 Extra"]
[Source "ChessBase"]
[SourceDate "2015.06.18"]
[SourceVersion "1"]
[SourceVersionDate "2015.06.18"]
[SourceQuality "1"]

1. e4 e5 2. Nf3 Nf6 3. Nxe5 d6 4. Nf3 Nxe4 5. Nc3 d5 6. Qe2 Be7 7. Nxe4 dxe4 8. Qxe4 0-0 9. Bd3 f5 10. Qc4+ Kh8 11. Ne5 Qe8 12. 0-0 Bd6 13. Nf3 Qh5 14. Be2 Qg6 15. d4 Nc6 16. Bd2 h5 17. Bd3 1-0

[Event "Africa-ch (Women)"]
[Site "Cairo"]
[Date "2015.05.02"]
[Round "1"]
[White "Matoussi, Amani"]
[Black "Mezioud, Amina"]
[Result "0-1"]
[WhiteElo "1610"]
[BlackElo "2083"]
[PlyCount "38"]
[EventDate "2015.05.02"]
[EventType "team-swiss"]
[EventRounds "9"]
[EventCountry "EGY"]
[SourceTitle "CBM 166 Extra"]
[Source "ChessBase"]
[SourceDate "2015.06.18"]
[SourceVersion "1"]
[SourceVersionDate "2015.06.18"]
[SourceQuality "1"]

1. d4 Nf6 2. Bg5 e6 3. e4 Be7 4. e5 Nd5 5. Bxe7 Nxe7 6. Nf3 d5 7. exd6 Qxd6 8. c3 b6 9. Bb5+ Nbc6 10. Nbd2 Bb7 11. Qe2 a6 12. Ne4 Qd8 13. Ba4 0-0 14. 0-0 Ng6 15. Rad1 Qe7 16. Rfe1 Rfd8 17. Bb3 Na5 18. Bc2 b5 19. Ne5 Bd5 0-1

[Event "Hammamet Africa zt 4.1 (Women)"]
[Site "Hammamet"]
[Date "2015.03.29"]
[Round "6"]
[White "Ben Fredj, Mariem"]
[Black "Matoussi, Amani"]
[Result "0-1"]
[WhiteElo "1375"]
[BlackElo "1630"]
[PlyCount "80"]
[EventDate "2015.03.26"]
[EventType "tourn"]
[EventRounds "9"]
[EventCountry "TUN"]
[SourceTitle "CBM 165 Extra"]
[Source "ChessBase"]
[SourceDate "2015.04.21"]
[SourceVersion "1"]
[SourceVersionDate "2015.04.21"]
[SourceQuality "1"]

1. d4 d5 2. c4 Nc6 3. Nc3 dxc4 4. Nf3 Bg4 5. e3 e5 6. Bxc4 exd4 7. exd4 Nf6 8. Bb5 Bb4 9. 0-0 0-0 10. Bxc6 bxc6 11. Be3 Bxc3 12. bxc3 Qd5 13. h3 Bxf3 14. Qxf3 Qxf3 15. gxf3 Nd5 16. Rac1 Rfe8 17. Rfe1 Re6 18. Bd2 Rae8 19. Kf1 Rxe1+ 20. Rxe1 Rxe1+ 21. Kxe1 Kf8 22. Ke2 Ke7 23. Kd3 Ke6 24. Bc1 Ne7 25. Ke4 f5+ 26. Ke3 Kf6 27. Kd3 Kg6 28. c4 Kh5 29. Bf4 Kh4 30. Bxc7 Kxh3 31. Bb8 a6 32. Bd6 Nc8 33. Bc5 h5 34. d5 cxd5 35. cxd5 Kg2 36. Ke3 g5 37. d6 f4+ 38. Ke2 Nxd6 39. Bxd6 h4 40. Be7 h3 0-1

[Event "Hammamet Africa zt 4.1 (Women)"]
[Site "Hammamet"]
[Date "2015.03.26"]
[Round "1"]
[White "Matoussi, Amina"]
[Black "Matoussi, Amani"]
[Result "1-0"]
[WhiteElo "1761"]
[BlackElo "1630"]
[PlyCount "57"]
[EventDate "2015.03.26"]
[EventType "tourn"]
[EventRounds "9"]
[EventCountry "TUN"]
[SourceTitle "CBM 165 Extra"]
[Source "ChessBase"]
[SourceDate "2015.04.21"]
[SourceVersion "1"]
[SourceVersionDate "2015.04.21"]
[SourceQuality "1"]

1. Nf3 Nf6 2. g3 d5 3. Bg2 e6 4. 0-0 Nbd7 5. c4 c6 6. Qb3 Qb6 7. Qc2 Be7 8. d4 dxc4 9. Qxc4 0-0 10. Nc3 Qb4 11. Qd3 Rd8 12. a3 Qa5 13. b4 Bxb4 14. Bd2 Bxc3 15. Bxc3 Qh5 16. Nd2 Ne5 17. Qc2 Neg4 18. h3 Nh6 19. g4 Nhxg4 20. hxg4 Qxg4 21. f3 Qg3 22. Ne4 Nxe4 23. Qxe4 f5 24. Qe3 Rf8 25. Be1 Qg6 26. f4 Bd7 27. Rf3 Qf6 28. Bc3 Qe7 29. Bb4 1-0

[Event "Olympiad Women-41"]
[Site "Tromsoe"]
[Date "2014.08.10"]
[Round "8.2"]
[White "Matoussi, Amani"]
[Black "Mbatha, Constance Chileshe"]
[Result "0-1"]
[WhiteElo "1627"]
[BlackElo "1677"]
[PlyCount "152"]
[EventDate "2014.08.02"]
[EventType "team-swiss"]
[EventRounds "11"]
[EventCountry "NOR"]
[SourceTitle "CBM 162"]
[Source "ChessBase"]
[SourceDate "2014.09.17"]
[SourceVersion "1"]
[SourceVersionDate "2014.09.17"]
[SourceQuality "1"]
[WhiteTeam "Tunisia (W)"]
[BlackTeam "Zambia (W)"]
[WhiteTeamCountry "TUN"]
[BlackTeamCountry "ZAM"]

1. d4 e6 2. Nf3 Nf6 3. e3 Be7 4. Bd3 d5 5. 0-0 0-0 6. b3 c5 7. Bb2 Nc6 8. Ne5 Bd7 9. Nd2 Rc8 10. a3 cxd4 11. exd4 a6 12. c4 Bd6 13. c5 Bb8 14. Ndf3 h6 15. b4 Be8 16. Re1 Nh7 17. Bc1 Qf6 18. Ng4 Qe7 19. Nxh6+ gxh6 20. Bxh6 Bd7 21. Bxh7+ Kxh7 22. Bxf8 Rxf8 23. Re3 Rh8 24. Ne5 Nxe5 25. dxe5 Kg7 26. Rg3+ Kf8 27. f4 Ke8 28. Qg4 Qf8 29. Qg5 Bc7 30. Rf1 Bd8 31. Qg4 Be7 32. Qd1 Bc6 33. f5 exf5 34. Rxf5 Rg8 35. Rgf3 Qg7 36. Rf2 Rf8 37. Qd4 Qh6 38. Rf1 Rh8 39. h3 Rf8 40. Qf2 Qg7 41. g4 Qh7 42. Qg3 Bd7 43. R5f3 Bh4 44. Qf4 Be7 45. e6 Bxe6 46. Qb8+ Bd8 47. Qxb7 Qe4 48. Qxa6 Qe5 49. Qb5+ Ke7 50. Qd3 Bc7 51. R1f2 Qe1+ 52. Kg2 Qe5 53. Kg1 Qe1+ 54. Rf1 Qe5 55. R3f2 Rg8 56. Re2 Qg3+ 57. Qxg3 Bxg3 58. Rf3 Bc7 59. a4 Ra8 60. Ra3 Kd7 61. Kf2 Kc6 62. Ke3 Be5 63. Kf3 Bg7 64. h4 d4 65. g5 Rd8 66. Rd2 Rh8 67. Rh2 Be5 68. Rc2 Rxh4 69. b5+ Kc7 70. Ke2 Rh2+ 71. Kd1 Rh1+ 72. Ke2 Rh2+ 73. Kd1 Rh1+ 74. Ke2 Rh2+ 75. Kd1 Bg4+ 76. Kc1 Rh1+ 0-1

[Event "Monastir Belkadhi op (Women)"]
[Site "Monastir"]
[Date "2014.05.08"]
[Round "8"]
[White "Matoussi, Amani"]
[Black "Oussedik, Nassila"]
[Result "1-0"]
[WhiteElo "1622"]
[BlackElo "1626"]
[PlyCount "52"]
[EventDate "2014.05.03"]
[EventType "swiss"]
[EventRounds "9"]
[EventCountry "TUN"]
[SourceTitle "EXT 2016"]
[Source "ChessBase"]
[SourceDate "2015.10.08"]
[SourceVersion "1"]
[SourceVersionDate "2015.10.08"]
[SourceQuality "1"]

1. d4 d5 2. g3 c5 3. Bg2 Nc6 4. Nf3 Nf6 5. 0-0 Bf5 6. c3 e6 7. Qb3 Qc7 8. Bg5 Ne4 9. Bf4 Qd7 10. Ne5 Nxe5 11. dxe5 c4 12. Qd1 Be7 13. Nd2 Nxd2 14. Qxd2 Qc7 15. Rfe1 0-0 16. e4 dxe4 17. Bxe4 Rad8 18. Qc2 Bxe4 19. Qxe4 Bc5 20. Be3 Bxe3 21. Qxe3 b5 22. Rad1 Qa5 23. a3 Qa4 24. Rd2 a5 25. Red1 Rb8 26. Qa7 Ra8 1-0

[Event "Monastir Belkadhi op (Women)"]
[Site "Monastir"]
[Date "2014.05.06"]
[Round "6"]
[White "Hamlaoui, Asma"]
[Black "Matoussi, Amani"]
[Result "1-0"]
[WhiteElo "1668"]
[BlackElo "1622"]
[PlyCount "83"]
[EventDate "2014.05.03"]
[EventType "swiss"]
[EventRounds "9"]
[EventCountry "TUN"]
[SourceTitle "EXT 2016"]
[Source "ChessBase"]
[SourceDate "2015.10.08"]
[SourceVersion "1"]
[SourceVersionDate "2015.10.08"]
[SourceQuality "1"]

1. e4 c5 2. Nc3 Nc6 3. f4 g6 4. Bc4 Bg7 5. Nf3 e6 6. 0-0 Nge7 7. d3 0-0 8. Bb3 b6 9. Qe1 Na5 10. Kh1 Nxb3 11. axb3 Nc6 12. Qg3 f6 13. f5 exf5 14. exf5 g5 15. Qd6 Bb7 16. Re1 Ne5 17. Nxe5 fxe5 18. Nd5 Bxd5 19. Qxd5+ Kh8 20. g4 a5 21. Re4 d6 22. Bd2 h6 23. Kg2 Bf6 24. Rh1 Kg7 25. Be1 Rh8 26. Qb7+ Kf8 27. Qd5 Kg7 28. h3 Rb8 29. Bd2 Qd7 30. Be3 Rhd8 31. Bf2 Qe7 32. Rh2 Rh8 33. Re1 Qb7 34. Qxb7+ Rxb7 35. h4 Kg8 36. hxg5 Bxg5 37. Be3 Rg7 38. Bxg5 hxg5 39. Rxh8+ Kxh8 40. Rh1+ Kg8 41. Rh6 Re7 42. Rg6+ 1-0

[Event "Africa-ch (Women)"]
[Site "Tunis"]
[Date "2013.05.27"]
[Round "9"]
[White "Lopang, Tshepiso"]
[Black "Matoussi, Amani"]
[Result "1-0"]
[WhiteElo "1784"]
[BlackElo "1625"]
[PlyCount "81"]
[EventDate "2013.05.18"]
[EventType "swiss"]
[EventRounds "9"]
[EventCountry "TUN"]
[SourceTitle "CBM 154 Extra"]
[Source "ChessBase"]
[SourceDate "2013.06.25"]
[SourceVersion "2"]
[SourceVersionDate "2013.06.25"]
[SourceQuality "1"]

1. b3 Nf6 2. Bb2 g6 3. Nf3 Bg7 4. e3 d6 5. d4 0-0 6. Be2 a6 7. 0-0 d5 8. Nbd2 Ne4 9. c4 c6 10. Qc2 Bf5 11. Qd1 Nd7 12. Rc1 Qa5 13. Nxe4 Bxe4 14. Bc3 Qxa2 15. Ng5 Nf6 16. f3 dxc4 17. fxe4 cxb3 18. Ra1 Qc2 19. Qxc2 bxc2 20. Bd3 Ng4 21. Rfe1 Bh6 22. h4 f6 23. Bc4+ Kh8 24. Nf7+ Rxf7 25. Bxf7 Bxe3+ 26. Rxe3 Nxe3 27. Bd2 Nd1 28. Bb3 Nb2 29. Bxc2 Nc4 30. Bc3 Kg7 31. Kf2 Nd6 32. g4 Kf8 33. Ke3 Nb5 34. Bb2 Rd8 35. Rf1 Nd6 36. Bb3 Ke8 37. e5 fxe5 38. dxe5 Nc8 39. e6 Nd6 40. Bg7 Rc8 41. Rf8# 1-0

[Event "Africa-ch (Women)"]
[Site "Tunis"]
[Date "2013.05.20"]
[Round "3"]
[White "Matoussi, Amani"]
[Black "Abdi, Zineb Dina"]
[Result "0-1"]
[WhiteElo "1625"]
[BlackElo "1905"]
[PlyCount "46"]
[EventDate "2013.05.18"]
[EventType "swiss"]
[EventRounds "9"]
[EventCountry "TUN"]
[SourceTitle "CBM 154 Extra"]
[Source "ChessBase"]
[SourceDate "2013.06.25"]
[SourceVersion "2"]
[SourceVersionDate "2013.06.25"]
[SourceQuality "1"]

1. e4 e5 2. Nf3 d6 3. d4 Nd7 4. dxe5 dxe5 5. Bc4 c6 6. 0-0 Be7 7. c3 Ngf6 8. Ng5 0-0 9. Qb3 Qe8 10. f4 h6 11. Nxf7 Rxf7 12. Bxf7+ Qxf7 13. Qxf7+ Kxf7 14. fxe5 Nxe5 15. Bf4 Ke6 16. Nd2 Bc5+ 17. Kh1 Ng6 18. g3 Ke7 19. Kg2 Be6 20. e5 Nd5 21. Kf3 Rf8 22. Ke4 Bf5+ 23. Kf3 Bd3 0-1

[Event "TUN-ch (Women)"]
[Site "Hammamet"]
[Date "2013.03.20"]
[Round "8"]
[White "Matoussi, Amani"]
[Black "Meddeb, Chadha"]
[Result "1-0"]
[WhiteElo "1592"]
[BlackElo "1657"]
[PlyCount "91"]
[EventDate "2013.03.16"]
[EventType "tourn"]
[EventRounds "10"]
[EventCountry "TUN"]
[SourceTitle "EXT 2015"]
[Source "ChessBase"]
[SourceDate "2014.11.20"]
[SourceVersion "1"]
[SourceVersionDate "2014.11.20"]
[SourceQuality "1"]

1. e4 e6 2. d4 d5 3. exd5 exd5 4. Bd3 Bd6 5. c3 Nc6 6. Qc2 Nf6 7. Ne2 Be6 8. Bf4 Nh5 9. Bxd6 Qxd6 10. Nd2 0-0-0 11. 0-0 Nf4 12. Nxf4 Qxf4 13. Nb3 Qg5 14. Qd2 Qxd2 15. Nxd2 h5 16. Rfe1 g5 17. Re3 Rdg8 18. Rae1 Ne7 19. Re5 g4 20. Nf1 h4 21. Ne3 Nc6 22. Nxd5 Nxe5 23. Rxe5 Bxd5 24. Rxd5 Rh6 25. Rf5 f6 26. Kf1 Re8 27. Rf4 g3 28. fxg3 hxg3 29. h3 Re3 30. Be4 c6 31. Bf3 Kd8 32. Rg4 Rxf3+ 33. gxf3 Rxh3 34. Kg2 Rh2+ 35. Kxg3 Rxb2 36. a4 Rb3 37. Rg7 Ke8 38. Kg4 Kf8 39. Rd7 Rxc3 40. Rxb7 Rc4 41. Rxa7 Rxd4+ 42. Kf5 Rd3 43. f4 Rd8 44. Kxf6 Rd6+ 45. Ke5 Rd8 46. a5 1-0

[Event "TUN-ch (Women)"]
[Site "Hammamet"]
[Date "2013.03.18"]
[Round "4"]
[White "Matoussi, Amani"]
[Black "Marzouk, Amira"]
[Result "1-0"]
[WhiteElo "1592"]
[BlackElo "1663"]
[PlyCount "65"]
[EventDate "2013.03.16"]
[EventType "tourn"]
[EventRounds "10"]
[EventCountry "TUN"]
[SourceTitle "EXT 2015"]
[Source "ChessBase"]
[SourceDate "2014.11.20"]
[SourceVersion "1"]
[SourceVersionDate "2014.11.20"]
[SourceQuality "1"]

1. e4 c5 2. c3 Nf6 3. e5 Nd5 4. d4 cxd4 5. cxd4 Nc6 6. Bc4 Nb6 7. Bb3 e6 8. Nf3 d6 9. exd6 Bxd6 10. 0-0 0-0 11. Nc3 a6 12. d5 exd5 13. Nxd5 Nxd5 14. Qxd5 Be6 15. Qd1 Bg4 16. h3 Bh5 17. Qd5 Bg6 18. Bg5 Qc7 19. Rfd1 Bf4 20. Qd7 Qxd7 21. Rxd7 Bxg5 22. Nxg5 h6 23. Nf3 Rab8 24. Re1 Rfd8 25. Rc7 Na5 26. Re3 Nxb3 27. Rxb3 Be4 28. Re3 f5 29. Nh4 Rd1+ 30. Kh2 g5 31. Ng6 Rd4 32. f3 f4 33. Rxe4 1-0

[Event "TUN-ch (Women)"]
[Site "Hammamet"]
[Date "2013.03.16"]
[Round "1"]
[White "Matoussi, Amani"]
[Black "Matoussi, Amina"]
[Result "1-0"]
[WhiteElo "1592"]
[BlackElo "1789"]
[PlyCount "45"]
[EventDate "2013.03.16"]
[EventType "tourn"]
[EventRounds "10"]
[EventCountry "TUN"]
[SourceTitle "EXT 2015"]
[Source "ChessBase"]
[SourceDate "2014.11.20"]
[SourceVersion "1"]
[SourceVersionDate "2014.11.20"]
[SourceQuality "1"]

1. e4 d6 2. d4 Nf6 3. Nc3 g6 4. Be2 Bg7 5. Bg5 0-0 6. Qd2 Re8 7. h4 h5 8. 0-0-0 c6 9. f3 Qc7 10. g4 hxg4 11. Bxf6 gxf3 12. Bxg7 fxe2 13. Ngxe2 Kxg7 14. h5 Qd8 15. hxg6 fxg6 16. Rdf1 Rh8 17. Qf4 Be6 18. d5 cxd5 19. exd5 Rxh1 20. Rxh1 Bg8 21. Qh6+ Kf7 22. Rf1+ Ke8 23. Rf8+ 1-0

[Event "Olympiad Women-40"]
[Site "Istanbul"]
[Date "2012.09.05"]
[Round "8.2"]
[White "Matoussi, Amani"]
[Black "Mendieta, Kathya"]
[Result "1/2-1/2"]
[WhiteElo "1581"]
[BlackElo "1763"]
[PlyCount "102"]
[EventDate "2012.08.28"]
[EventType "team-swiss"]
[EventRounds "11"]
[EventCountry "TUR"]
[SourceTitle "CBM 150 Extra"]
[Source "ChessBase"]
[SourceDate "2012.10.19"]
[SourceVersion "1"]
[SourceVersionDate "2012.10.19"]
[SourceQuality "1"]
[WhiteTeam "Tunisia (W)"]
[BlackTeam "Nicaragua (W)"]
[WhiteTeamCountry "TUN"]
[BlackTeamCountry "NCA"]

1. e4 c5 2. c3 d6 3. d4 cxd4 4. cxd4 Nf6 5. Nc3 g6 6. f4 Bg7 7. Nf3 0-0 8. Bd3 Nc6 9. 0-0 Bg4 10. Be3 Rc8 11. h3 Bxf3 12. Qxf3 Nb4 13. Bb1 Nd7 14. e5 b6 15. a3 Nc6 16. Ba2 dxe5 17. dxe5 e6 18. Rad1 Qe7 19. Ne4 Na5 20. Rc1 Nb8 21. Nd6 Rc7 22. Rxc7 Qxc7 23. Rc1 Qd7 24. b4 Nac6 25. Bc4 Bxe5 26. fxe5 Nxe5 27. Qd1 Rd8 28. Bf4 Nbc6 29. Be2 f6 30. Ne4 Qe7 31. Qf1 Nd4 32. Bxe5 fxe5 33. Bc4 Kg7 34. Nf6 Qxb4 35. axb4 b5 36. Ne4 Ne2+ 37. Kh2 Nf4 38. Ba2 Rd3 39. Nc5 Rd2 40. Nxe6+ Nxe6 41. Bxe6 Rd6 42. Bg4 Kh6 43. Bc8 a6 44. Qxb5 axb5 45. Bd7 Kg5 46. Kg3 h6 47. h4+ Kf6 48. Kf3 h5 49. Ke3 g5 50. g3 gxh4 51. gxh4 Kg7 1/2-1/2

[Event "Olympiad Women-40"]
[Site "Istanbul"]
[Date "2012.08.28"]
[Round "1.3"]
[White "Matoussi, Amani"]
[Black "Ziogaite, Jovita"]
[Result "0-1"]
[WhiteElo "1581"]
[BlackElo "2052"]
[PlyCount "48"]
[EventDate "2012.08.28"]
[EventType "team-swiss"]
[EventRounds "11"]
[EventCountry "TUR"]
[SourceTitle "CBM 150 Extra"]
[Source "ChessBase"]
[SourceDate "2012.10.19"]
[SourceVersion "1"]
[SourceVersionDate "2012.10.19"]
[SourceQuality "1"]
[WhiteTeam "Tunisia (W)"]
[BlackTeam "Lithuania (W)"]
[WhiteTeamCountry "TUN"]
[BlackTeamCountry "LTU"]

1. e4 c5 2. c3 Nf6 3. e5 Nd5 4. d4 cxd4 5. cxd4 d6 6. exd6 Qxd6 7. Nc3 Nc6 8. Nf3 Bg4 9. Be2 e6 10. 0-0 Be7 11. Be3 0-0 12. Nd2 Bxe2 13. Nxe2 Rfd8 14. a3 Rac8 15. Ne4 Qc7 16. Rc1 Qb6 17. b4 a5 18. bxa5 Qxa5 19. Qb3 Qxa3 20. Qxb7 Rc7 21. Qb5 Rb8 22. Qc4 Rb4 23. Qc2 Rb2 24. Qd1 Nxe3 0-1

[Event "Olympiad Women-39"]
[Site "Khanty-Mansiysk"]
[Date "2010.09.30"]
[Round "9.48"]
[White "Matoussi, Amani"]
[Black "Oh, Minah"]
[Result "1/2-1/2"]
[WhiteElo "1545"]
[BlackElo "1517"]
[PlyCount "41"]
[EventDate "2010.09.21"]
[EventType "team-swiss"]
[EventRounds "11"]
[EventCountry "RUS"]
[SourceTitle "CBM 139"]
[Source "ChessBase"]
[SourceDate "2010.11.18"]
[SourceVersion "1"]
[SourceVersionDate "2010.11.18"]
[SourceQuality "1"]
[WhiteTeam "Tunisia (W)"]
[BlackTeam "Korea (W)"]
[WhiteTeamCountry "TUN"]
[BlackTeamCountry "KOR"]

1. e4 e5 2. Nf3 Nc6 3. d4 d6 4. Bc4 Bg4 5. Bxf7+ Kxf7 6. Ng5+ Qxg5 7. f3 Bxf3 8. Qxf3+ Qf6 9. Qb3+ Ke7 10. dxe5 Nxe5 11. Qxb7 Rd8 12. Nc3 Qh4+ 13. g3 Qg4 14. Nd5+ Ke8 15. Nxc7+ Ke7 16. Nd5+ Ke8 17. Nc7+ Ke7 18. Nd5+ Ke8 19. Nc7+ Ke7 20. Nd5+ Ke8 21. Nc7+ 1/2-1/2

[Event "Olympiad Women-39"]
[Site "Khanty-Mansiysk"]
[Date "2010.09.25"]
[Round "5.42"]
[White "Luna, Raisa"]
[Black "Matoussi, Amani"]
[Result "1-0"]
[WhiteElo "2030"]
[BlackElo "1545"]
[PlyCount "87"]
[EventDate "2010.09.21"]
[EventType "team-swiss"]
[EventRounds "11"]
[EventCountry "RUS"]
[SourceTitle "CBM 139"]
[Source "ChessBase"]
[SourceDate "2010.11.18"]
[SourceVersion "1"]
[SourceVersionDate "2010.11.18"]
[SourceQuality "1"]
[WhiteTeam "Bolivia (W)"]
[BlackTeam "Tunisia (W)"]
[WhiteTeamCountry "BOL"]
[BlackTeamCountry "TUN"]

1. d4 d5 2. c4 c6 3. Nf3 Nf6 4. cxd5 cxd5 5. Nc3 Nc6 6. Bf4 Qb6 7. a3 Bg4 8. Na4 Qd8 9. Ne5 Bf5 10. f3 Nd7 11. g4 Ndxe5 12. gxf5 Nc4 13. e3 b5 14. Nc3 a6 15. b3 Nxa3 16. Rxa3 b4 17. Rxa6 Rxa6 18. Bxa6 bxc3 19. Qa1 Qa5 20. Qxa5 Nxa5 21. b4 Nb3 22. Kd1 e5 23. fxe6 Bxb4 24. Kc2 Nd2 25. e4 dxe4 26. Bxd2 cxd2 27. fxe4 fxe6 28. Rb1 Bd6 29. Rb7 0-0 30. e5 Ba3 31. Kxd2 Rf2+ 32. Kd3 Rxh2 33. Bc4 Rh6 34. Rd7 Rh3+ 35. Kc2 Rh6 36. Kb3 Bf8 37. d5 exd5 38. Bxd5+ Kh8 39. Rd8 Rh3+ 40. Kc4 Rh4+ 41. Kb5 Rf4 42. e6 g5 43. e7 Kg7 44. e8Q 1-0